Normal view
MARC view
- Germany
Entry Geographic Name
001 - CONTROL NUMBER
- control field: 221218
003 - CONTROL NUMBER IDENTIFIER
- control field: KE-NaSUL
005 - DATE AND TIME OF LATEST TRANSACTION
- control field: 20250826133523.0
008 - FIXED-LENGTH DATA ELEMENTS
- fixed length control field: 250826|| aca||aabn | a|a d
040 ## - CATALOGING SOURCE
- Original cataloging agency: KE-NaSUL
- Transcribing agency: KE-NaSUL
151 ## - HEADING--GEOGRAPHIC NAME
- Geographic name: Germany
- General subdivision: History, Military
- Chronological subdivision: 19th century
670 ## - SOURCE DATA FOUND
- Source citation: Work cat.: (KE-NaSUL)209423: Wilson, Peter H. (Peter Hamish) 219662, German armies, 1998.